000 00299nam a22001337a 4500
008 170905b xxu||||| |||| 00| 0 eng d
020 _a0205489176u
041 _aeng
080 _24 ED
_a070
100 _a40
101 _aMED
245 _aTHINKING COMMUNICATION
_cTRENHOLM.S
942 _2udc
_cBK
999 _c26124
_d26124